LEADER 01312nam a2200277 i 4500 001 000000005283 003 CaOOAMICUS 005 20220405144306.0 008 180830s18211822it u000 u ita u 040 $aSeMil$bita 100 1 $aRobertson, William,$d<1721-1793>.$0(OLS)http://semarc/name/89450 240 14$aThe history of America.$0(OLS)http://semarc/title/400774 245 10$aStoria dell'America di Guglielmo Robertson recata in italiano da A.P. Volume 1. [-3.]. 260 $aMilano :$bPer Nicolò Bettoni,$c1821-1822. 300 $a3 v. ;$c8°. 490 1 $aBiblioteca storica di tutte le nazioni. Classe quarta: Storici inglesi 650 4$aAmerica - Storia.$0(OLS)http://semarc/subject/44649 700 1 $aPillori, Antonio.$0(OLS)http://semarc/name/89449 700 1 $aBettoni, Nicolò,$c.$0(OLS)http://semarc/name/3818 774 0 $tVol. 1.$g1$w()258327 774 0 $tVol. 2.$g2$w()258329 774 0 $tVol. 3.$g3$w()258328 830 0$aBiblioteca storica di tutte le nazioni. Classe quarta: Storici inglesi.$0(OLS)http://semarc/title/401174 996 $6245$aStoria dell'America di Guglielmo Robertson recata in italiano da A.P. Volume 1. [-3.]$9(OLS)http://semarc/title/400773 996 $6260$aMilano :$bPer Nicolò Bettoni$9(OLS)http://semarc/publisher/36549 LEADER 00896nam a2200181 i 4500 001 000000081483 003 CaOOAMICUS 005 20180611000000.0 008 180611s1821 it u000 u ita u 013 $a53723 026 $atetu leo. 4,u- Pnme (3) 1821 (R) 040 $aSeMil$bita 245 10$aParte prima contenente i trattati algebrici. 300 $a[4], 516, [4] p., [1] c. di tav. :$bill. 773 0 $aLotteri, Angelo$tLezioni di introduzione al calcolo sublime ad uso delle II. RR. Università del Regno Lombardo-veneto del prof. Angelo Lotteri. Parte 1. [-2.].$bEdizione seconda notabilmente accresciuta.$dPavia : Dlla tipografia di P. Bizzoni successore di Bolzani, 1821-1822.$g1$w()12215 850 $aSeMil 852 $aSeMil$W1$xVenegono$y1$m3W IV 44 FA$j46714$B46714$CSeMilBibl$Z2$F49082 $8I 996 $6245$aParte prima contenente i trattati algebrici$9(OLS)http://semarc/title/404553